| 000 | 00628nam a2200217 4500 | ||
|---|---|---|---|
| 001 | 144835 | ||
| 003 | ES-MaACL | ||
| 005 | 20230906201117.0 | ||
| 007 | t| | ||
| 008 | 070214s1959 sp r ||||1| spa d | ||
| 100 | 1 |
_aSlote, Alfred. _9106797 |
|
| 245 | 1 | 0 |
_aLázaro en Viena _b: novela / _cAlfred Slote ; [traducción del inglés por Enrique de Juan]. |
| 250 | _a[1ª ed.]. | ||
| 260 |
_aBarcelona : _bPlaneta, _c1959 ( _fAmpurias) |
||
| 300 |
_a422 p. ; _c19 cm. |
||
| 490 | 1 | _aGoliat | |
| 700 | 1 |
_aJuan, Enrique de. _967090 |
|
| 830 | 0 |
_aGoliat _9181396 |
|
| 852 |
_aES-MaACL _jC-16123 _bR.44097 |
||
| 999 |
_c144835 _d144835 |
||